000 00554nam a2200169 4500
001 148717
003 ES-MaACL
005 20230906202756.0
007 t|
008 070214s1962 cu r ||||1| spa d
100 1 _aSuárez Solís, Rafael.
_9108660
245 1 3 _aUn pueblo donde no pasaba nada
_b: (novela del tiempo quieto) /
_cRafael Suárez Solís.
260 _aLa Habana :
_bUniversidad Central de las Villas,
_c1962.
300 _a213 p. ;
_c21 cm.
710 2 _aUniversidad Central de Las Villas.
_97082
852 _aES-MaACL
_jC-23502
_bR.52134
999 _c148717
_d148717